| 000 | 01135nam a2200241Ia 4500 | ||
|---|---|---|---|
| 003 | IN-BaIIA | ||
| 008 | 211028s9999 xx 000 0 eng d | ||
| 020 | _a0379-6566 (ISSN) | ||
| 040 | _cIIA Library | ||
| 080 |
_a52-726(082.2) _bESA |
||
| 111 |
_aESLAB Symsposium on Small-Scale Plasma Processes in the Solar Chromosphere/ Corona, Interplanetary Medium and Planetary Magnetospheres _n21nd _cBolkesjo Norway _d1987 June 22-25 _915899 |
||
| 245 | 0 |
_aSmall-scale plasma processes in the solar chromosphere/ corona, interplanetary medium and planetary magnetospheres _bproceedings of 21st ESLAB symsposium on small-scale plasma processes in the solar chromosphere/ corona, interplanetary medium and planetary magnetospheres, Bolkesjo Norway, 22-25, June 1987 _cedited by B. Battrick and E. J. Rolfe |
|
| 260 |
_aFrance _bEuropean Space Agency _c1987 |
||
| 490 | _aESA SP-275 | ||
| 650 | _aAstronomy and astrophysics thesaurus | ||
| 650 |
_aPlasmas _91898 |
||
| 650 |
_aSolar chromosphere _93973 |
||
| 650 | _aSolar corona | ||
| 650 |
_aSun _91200 |
||
| 700 |
_aBattrick, B., ed. _911567 |
||
| 700 | _aRolfe, E. J., ed. | ||
| 942 | _cBK | ||
| 999 |
_c9452 _d9452 |
||